[Event "Madrid San Viator op-B 29th"]
[Site "Madrid"]
[Date "2017.10.29"]
[Round "6"]
[White "Rojo Jorge, Luis"]
[Black "Correas Aguilera, Eufemio"]
[Result "1-0"]
[WhiteElo "1525"]
[BlackElo "1621"]
[PlyCount "33"]
[EventDate "2017.09.17"]
[EventType "swiss"]
[EventRounds "9"]
[EventCountry "ESP"]
[SourceTitle "EXT 2019"]
[Source "ChessBase"]
[SourceDate "2018.10.10"]
[SourceVersion "1"]
[SourceVersionDate "2018.10.10"]
[SourceQuality "1"]

1. e4 d5 2. exd5 Qxd5 3. Nc3 Qa5 4. d4 Nf6 5. Nf3 Bf5 6. Ne5 c6 7. Bc4 e6 8. g4 Bg6 9. h4 Nbd7 10. Nxd7 Nxd7 11. h5 Be4 12. Rh3 Bb4 13. Bd2 Bxc3 14. Rxc3 Qc7 15. Qe2 Bg2 16. f4 Bh3 17. Rxh3 1-0

[Event "Madrid San Viator op-B 29th"]
[Site "Madrid"]
[Date "2017.10.22"]
[Round "5"]
[White "Correas Aguilera, Eufemio"]
[Black "Bustos Bernardo, Diego"]
[Result "1-0"]
[WhiteElo "1621"]
[BlackElo "1730"]
[PlyCount "95"]
[EventDate "2017.09.17"]
[EventType "swiss"]
[EventRounds "9"]
[EventCountry "ESP"]
[SourceTitle "EXT 2019"]
[Source "ChessBase"]
[SourceDate "2018.10.10"]
[SourceVersion "1"]
[SourceVersionDate "2018.10.10"]
[SourceQuality "1"]

1. Nf3 Nf6 2. c4 e6 3. g3 d5 4. Bg2 Be7 5. 0-0 0-0 6. b3 c5 7. e3 Nc6 8. Bb2 b6 9. Nc3 Bb7 10. cxd5 Nxd5 11. Nxd5 Qxd5 12. d4 Nb4 13. a3 Na6 14. Rc1 cxd4 15. Bxd4 Bxa3 16. Ne1 Qd7 17. Bxb7 Qxb7 18. Rc2 Bc5 19. Be5 Qe4 20. Bxg7 Kxg7 21. Qa1+ Kg8 22. Qxa6 Rfd8 23. Rc4 Qd5 24. Ng2 Qe5 25. Rg4+ Kh8 26. Qc4 Rac8 27. Rc1 Bf8 28. Qf1 Rc3 29. Rxc3 Qxc3 30. Qb1 Qd3 31. Qa1+ Rd4 32. Qxd4+ Qxd4 33. Rxd4 a5 34. Rd8 Kg7 35. Nf4 Bb4 36. Rb8 Kf6 37. Rxb6 Kf5 38. Nd3 Bc3 39. Kf1 Ke4 40. Ke2 e5 41. Nc5+ Kd5 42. Nd3 f5 43. Rh6 e4 44. Nc1 Kc5 45. Rxh7 Kb4 46. Kd1 Ka3 47. Rf7 Bb2 48. Rxf5 1-0

[Event "Madrid San Viator op-B 26th"]
[Site "Madrid"]
[Date "2016.05.29"]
[Round "8"]
[White "Cabello Rodriguez, Raul"]
[Black "Correas Aguilera, Eufemio"]
[Result "1-0"]
[WhiteElo "1507"]
[BlackElo "1639"]
[PlyCount "96"]
[EventDate "2016.04.03"]
[EventType "swiss"]
[EventRounds "9"]
[EventCountry "ESP"]
[SourceTitle "EXT 2017"]
[Source "ChessBase"]
[SourceDate "2016.10.25"]
[SourceVersion "1"]
[SourceVersionDate "2016.10.25"]
[SourceQuality "1"]

1. Nf3 Nf6 2. d4 d5 3. Bf4 c5 4. c3 e6 5. Nbd2 Qb6 6. Qc2 cxd4 7. cxd4 Nc6 8. e3 Be7 9. h3 0-0 10. a3 Qd8 11. Bd3 Bd6 12. Be5 h6 13. g4 Bxe5 14. Nxe5 Nxe5 15. dxe5 Ne8 16. Ke2 Bd7 17. Rac1 Rc8 18. Qb3 Bc6 19. Rc2 d4 20. Be4 d3+ 21. Qxd3 Qxd3+ 22. Kxd3 Bxe4+ 23. Nxe4 Rxc2 24. Kxc2 f5 25. exf6 Nxf6 26. Nxf6+ Rxf6 27. f4 g5 28. Rf1 Kf7 29. Kd3 e5 30. Ke4 exf4 31. exf4 Re6+ 32. Kd5 Rf6 33. f5 Rb6 34. b4 Ra6 35. Rf3 Rc6 36. Re3 Rc2 37. Kd6 Rc6+ 38. Kd7 Rc2 39. Rb3 Kf6 40. Re3 Kf7 41. Kd8 Rc6 42. Re7+ Kf6 43. Rxb7 Ra6 44. Rh7 Ke5 45. Kc7 Rb6 46. Rd7 Kf4 47. Rd6 Rxd6 48. Kxd6 Kg3 1-0

[Event "Madrid San Viator op 22nd"]
[Site "Madrid"]
[Date "2014.04.27"]
[Round "5"]
[White "Bermejo Jimenez, Adolfo"]
[Black "Correas Aguilera, Eufemio"]
[Result "1/2-1/2"]
[WhiteElo "1442"]
[BlackElo "1727"]
[PlyCount "45"]
[EventDate "2014.03.23"]
[EventType "swiss"]
[EventRounds "9"]
[EventCountry "ESP"]
[SourceTitle "EXT 2015"]
[Source "ChessBase"]
[SourceDate "2014.11.20"]
[SourceVersion "1"]
[SourceVersionDate "2014.11.20"]
[SourceQuality "1"]

1. e4 d5 2. exd5 Qxd5 3. Nc3 Qa5 4. Bc4 Nf6 5. d3 c6 6. Bd2 Bg4 7. Nf3 Qf5 8. Qe2 Bxf3 9. Qxf3 Qxf3 10. gxf3 Nbd7 11. d4 e6 12. Ne4 Nd5 13. 0-0-0 Be7 14. Rhg1 g6 15. Bb3 0-0-0 16. Bg5 Bxg5+ 17. Nxg5 Rdf8 18. Bxd5 cxd5 19. f4 h6 20. Nf3 Kd8 21. Rd3 Ke7 22. Ne5 Nxe5 23. fxe5 1/2-1/2

[Event "Madrid San Viator op 22nd"]
[Site "Madrid"]
[Date "2014.04.06"]
[Round "3"]
[White "Alonso Abad, Enrique"]
[Black "Correas Aguilera, Eufemio"]
[Result "1-0"]
[WhiteElo "1917"]
[BlackElo "1727"]
[PlyCount "52"]
[EventDate "2014.03.23"]
[EventType "swiss"]
[EventRounds "9"]
[EventCountry "ESP"]
[SourceTitle "EXT 2015"]
[Source "ChessBase"]
[SourceDate "2014.11.20"]
[SourceVersion "1"]
[SourceVersionDate "2014.11.20"]
[SourceQuality "1"]

1. d4 d5 2. Nf3 c5 3. e3 e6 4. b3 cxd4 5. exd4 Nf6 6. Bd3 Bb4+ 7. c3 Bd6 8. 0-0 0-0 9. Ne5 Qc7 10. Qe2 Nfd7 11. f4 Nc6 12. Bb2 Ne7 13. Na3 Ng6 14. Nb5 Qb8 15. a4 Be7 16. Rac1 Ndxe5 17. dxe5 Bd7 18. Nd4 Rc8 19. c4 dxc4 20. Bxc4 Bc6 21. f5 Nf8 22. fxe6 Nxe6 23. Nxe6 Re8 24. Nd4 Rf8 25. e6 f6 26. Nf5 Qe8 1-0

[Event "Madrid San Viator op 22nd"]
[Site "Madrid"]
[Date "2014.03.23"]
[Round "1"]
[White "Andres Rodriguez, Florencio"]
[Black "Correas Aguilera, Eufemio"]
[Result "0-1"]
[WhiteElo "1588"]
[BlackElo "1727"]
[PlyCount "63"]
[EventDate "2014.03.23"]
[EventType "swiss"]
[EventRounds "9"]
[EventCountry "ESP"]
[SourceTitle "EXT 2015"]
[Source "ChessBase"]
[SourceDate "2014.11.20"]
[SourceVersion "1"]
[SourceVersionDate "2014.11.20"]
[SourceQuality "1"]

1. d4 d5 2. c4 e6 3. Nc3 c5 4. e3 Nf6 5. Nf3 Nc6 6. b3 cxd4 7. exd4 Bb4 8. Bd2 dxc4 9. a3 Bxc3 10. Bxc3 cxb3 11. Qxb3 0-0 12. Bd3 e5 13. Bc4 exd4 14. Rd1 Qe7+ 15. Be2 dxc3 16. Rd3 Be6 17. Qxc3 Rfd8 18. Re3 Nd5 19. Qc2 Nxe3 20. fxe3 Bg4 21. 0-0 Qxe3+ 22. Kh1 Bxf3 23. Bxf3 Nd4 24. Qb2 Nxf3 25. gxf3 Qd2 26. Qe5 Re8 27. Qg3 Rac8 28. Rg1 g6 29. h4 Rc1 30. Rxc1 Qxc1+ 31. Kg2 Re2+ 32. Kh3 0-1

[Event "Madrid-ch"]
[Site "Madrid"]
[Date "2012.11.07"]
[Round "3"]
[White "Correas Aguilera, Eufemio"]
[Black "De Juan Rivas, Antonio"]
[Result "1-0"]
[WhiteElo "1769"]
[BlackElo "1857"]
[PlyCount "57"]
[EventDate "2012.11.05"]
[EventType "swiss"]
[EventRounds "9"]
[EventCountry "ESP"]
[SourceTitle "CBM 151 Extra"]
[Source "ChessBase"]
[SourceDate "2012.12.18"]
[SourceVersion "1"]
[SourceVersionDate "2012.12.18"]
[SourceQuality "1"]

1. Nf3 d5 2. c4 c6 3. b3 Nf6 4. g3 Bf5 5. Bg2 e6 6. Bb2 Nbd7 7. 0-0 Bd6 8. d3 e5 9. cxd5 Nxd5 10. e4 Bxe4 11. dxe4 N5f6 12. Qxd6 Nxe4 13. Qd3 Nec5 14. Qe3 f6 15. Na3 Qc7 16. Bh3 b6 17. Bxd7+ Qxd7 18. Rad1 Qc7 19. Rfe1 0-0 20. Nc4 Rae8 21. Ba3 e4 22. Nh4 f5 23. Ng2 Rf6 24. Bxc5 bxc5 25. Qxc5 Rg6 26. Rd6 f4 27. Rxg6 hxg6 28. Nxf4 Kh7 29. Qg5 1-0